| 000 | 00580nam a2200241Ia 4500 | ||
|---|---|---|---|
| 003 | OSt | ||
| 005 | 20221005125429.0 | ||
| 006 | a|||||r|||| 00| 0 | ||
| 007 | ta | ||
| 008 | 221004b |||||||| |||| 00| 0 tam d | ||
| 024 | _a45532 | ||
| 037 | _cTextual | ||
| 040 |
_aCRL _cCRL _btam |
||
| 041 |
_2tam _atam |
||
| 082 | _aJ37, 31J8 | ||
| 100 |
_aGanapattiyer Au. _9636671 |
||
| 245 | 0 | _aPazhatthottam | |
| 260 | _c1968 | ||
| 300 |
_a136p. _ccm. |
||
| 650 | _aAGRICULTURE | ||
| 942 |
_hJ37, 31J8 _cTEXL _2cc |
||
| 999 |
_c1054004 _d1054004 |
||